Možné objekty a možné svety

Bibliographic Details
Main Author: Barancová Marcusová, Ruth (Author)
Format: Article
Language:Slovak
ISSN:1335-0668
Subjects:

MARC

LEADER 00000nab a2200000 a 4500
001 vtls008949941
003 SK-MaSNL
005 20260304135856.0
008 250505c2004 xo qr|p|||||||000 b|slo
015 |a SNBRB2007/02 
035 |a (uuid)c5238cc9-8d19-411e-b588-e9467250539a 
035 |a urn:nbn:sk:snk-ab9k07 
035 |a (urnnbn)urn:nbn:sk:snk:ar-a08hnl 
038 |a SNKBUCL 
040 |a SNKBUCL  |b slo  |c SNKBUCL  |e AACR2 
041 0 |a slo  |b eng 
044 |a xo  |c SK 
080 |a 16  |2 1997 
080 |a 164.1  |2 1997 
080 |a 510.633  |2 1997 
100 1 |a Barancová Marcusová, Ruth  |4 aut  |9 1455657 
245 1 0 |a Možné objekty a možné svety  |c Ruth Barancová Marcusová 
504 |a Bibliogr. odkazy 
546 |a Res. angl. 
650 0 7 |a kvantifikovaná modálna logika  |2 snkbucl  |9 1455658 
650 0 7 |a modálna výroková logika  |2 snkbucl  |9 1455659 
773 0 |t Organon F  |g Roč. XI, č. 4 (2004), s. 407-430  |x 1335-0668 
850 |a Slovenská národná knižnica 
852 |a Slovenská národná knižnica 
954 |a odborná, vedecká literatúra pôvodná (slovenská)  |2 lita 
958 |a article13 
958 |a OND 
958 |a SK 
958 |a NB 
958 |a EUIPO 
999 |c 2912608  |d 2914538